McGraw-Hill's 500 French questions : (Record no. 288308)
[ view plain ]
| 000 -LEADER | |
|---|---|
| fixed length control field | 01049cam a2200325 i 4500 |
| 001 - CONTROL NUMBER | |
| control field | 17170950 |
| 003 - CONTROL NUMBER IDENTIFIER | |
| control field | PILC |
| 005 - DATE AND TIME OF LATEST TRANSACTION | |
| control field | 20150804135512.0 |
| 008 - FIXED-LENGTH DATA ELEMENTS--GENERAL INFORMATION | |
| fixed length control field | 120217s2013 iau 000 0 eng |
| 010 ## - LIBRARY OF CONGRESS CONTROL NUMBER | |
| LC control number | 2012933641 |
| 020 ## - INTERNATIONAL STANDARD BOOK NUMBER | |
| International Standard Book Number | 9780071792363 (pbk.) |
| 020 ## - INTERNATIONAL STANDARD BOOK NUMBER | |
| International Standard Book Number | 0071792368 (pbk.) |
| 020 ## - INTERNATIONAL STANDARD BOOK NUMBER | |
| Cancelled/invalid ISBN | 9780071792370 (e-ISBN) |
| 020 ## - INTERNATIONAL STANDARD BOOK NUMBER | |
| Cancelled/invalid ISBN | 0071792376 (e-ISBN) |
| 040 ## - CATALOGING SOURCE | |
| Original cataloging agency | DLC |
| Language of cataloging | eng |
| Transcribing agency | DLC |
| Description conventions | rda |
| Modifying agency | DLC |
| 042 ## - AUTHENTICATION CODE | |
| Authentication code | pcc |
| 050 00 - LIBRARY OF CONGRESS CALL NUMBER | |
| Classification number | PC 2119 |
| Item number | .H36 2013 |
| 082 00 - DEWEY DECIMAL CLASSIFICATION NUMBER | |
| Classification number | 448.2/421 |
| 100 1# - MAIN ENTRY--PERSONAL NAME | |
| Personal name | Heminway, Annie. |
| 245 10 - TITLE STATEMENT | |
| Title | McGraw-Hill's 500 French questions : |
| Remainder of title | ace your college exams / |
| Statement of responsibility, etc | Annie Heminway. |
| 246 30 - VARYING FORM OF TITLE | |
| Title proper/short title | 500 French questions |
| 246 30 - VARYING FORM OF TITLE | |
| Title proper/short title | Five hundred French questions |
| 260 ## - PUBLICATION, DISTRIBUTION, ETC. (IMPRINT) | |
| Place of publication, distribution, etc | New York : |
| Name of publisher, distributor, etc | McGraw-Hill, |
| Date of publication, distribution, etc | 2013. |
| 300 ## - PHYSICAL DESCRIPTION | |
| Extent | vii, 168 pages ; |
| Dimensions | 24 cm. |
| 650 #0 - SUBJECT ADDED ENTRY--TOPICAL TERM | |
| Topical term or geographic name as entry element | French language |
| General subdivision | Examinations |
| Form subdivision | Study guides. |
| 650 #0 - SUBJECT ADDED ENTRY--TOPICAL TERM | |
| Topical term or geographic name as entry element | French language |
| Form subdivision | Examinations, questions, etc. |
| 906 ## - LOCAL DATA ELEMENT F, LDF (RLIN) | |
| a | 7 |
| b | cbc |
| c | origres |
| d | 2 |
| e | ncip |
| f | 20 |
| g | y-gencatlg |
| 942 ## - ADDED ENTRY ELEMENTS (KOHA) | |
| Source of classification or shelving scheme | Library of Congress Classification |
| Koha item type | Books |
| Withdrawn status | Lost status | Source of classification or shelving scheme | Damaged status | Home library | Current library | Shelving location | Date acquired | Source of acquisition | Cost, normal purchase price | Sub Shelving location | Total Checkouts | Full call number | Barcode | Date last seen | Price effective from | Koha item type |
|---|---|---|---|---|---|---|---|---|---|---|---|---|---|---|---|---|
| Library of Congress Classification | College Library | College Library | Reserve Section | 08/04/2015 | Library Fund | 748.00 | PC 2119 .H36 2013 | C19629 | 05/15/2018 | 08/04/2015 | Books |